[Event "GER-ch 11th Seniors"]
[Site "Germany"]
[Date "1999.??.??"]
[Round "?"]
[White "Gelzenleichter, Siegfried"]
[Black "Lundquist, Rolf"]
[Result "1/2-1/2"]
[WhiteElo "2015"]
[BlackElo "2280"]

1.d4 d5 2.Nf3 c6 3.c4 Nf6 4.Nc3 a6 5.e3 b5 6.cxd5 cxd5 7.Ne5 e6 8.Bd2 Be7
9.Rc1 O-O 10.Be2 Bb7 11.O-O Nbd7 12.Nd3 Rc8 13.b4 Nb6 14.Nc5 Bxc5 15.dxc5 Nc4
16.Nb1 Ne4 17.Bc3 Nxc3 18.Nxc3 Qg5 19.g3 Rcd8 20.h4 Qe7 21.Bf3 d4 22.exd4 Bxf3
23.Qxf3 Nd2 24.Qe3 Nxf1 25.Kxf1 Qd7 26.Rd1 Qc6 27.Ne4 Qd5 28.a3 Rd7  1/2-1/2

[Event "HUN-chT29899"]
[Site "HUN"]
[Date "1999.??.??"]
[Round "?"]
[White "Jeszenkovics, Tibor"]
[Black "Dovzik, Juri"]
[Result "0-1"]
[WhiteElo "2220"]
[BlackElo "2375"]

1.Nf3 d5 2.d4 Nf6 3.c4 c6 4.Nc3 a6 5.c5 Bf5 6.Bf4 e6 7.e3 Nbd7 8.Be2 Be7
9.O-O O-O 10.h3 b5 11.cxb6 Qxb6 12.Qd2 c5 13.Na4 Qb7 14.dxc5 Ne4 15.c6 Qxc6
16.Qd1 Qb7 17.Rc1 Rfc8 18.Ne5 Rxc1 19.Qxc1 Rc8 20.Qd1 Ndc5 21.Nxc5 Nxc5 22.b3 Ne4
23.Bd3 f6 24.Bxe4 Bxe4 25.Nd3 Qb5 26.Ne1 Ba3 27.f3 Bg6 28.Bg3 Rc1 29.Qd2 e5
30.f4 exf4 31.Bxf4 Rb1 32.Bg3 Be4 33.Qf2 h6 34.Bh4 Kh7 35.Bg3 Rb2 36.Qf4 Rxa2
37.Qc7 Qc5 38.Qxc5 Bxc5 39.Bf2 Rb2 40.Nf3 Bxf3  0-1

[Event "HUN-chT9899"]
[Site "HUN"]
[Date "1999.??.??"]
[Round "?"]
[White "Mester, Gyula"]
[Black "Kallai, Gabor"]
[Result "0-1"]
[WhiteElo "2505"]
[BlackElo "2400"]

1.d4 d5 2.c4 c6 3.Nf3 Nf6 4.Nc3 a6 5.e3 b5 6.b3 Bg4 7.Be2 e6 8.O-O Nbd7 9.Ne5 Bxe2
10.Qxe2 Nxe5 11.dxe5 Nd7 12.cxd5 cxd5 13.Bb2 Bc5 14.Qg4 O-O 15.Ne2 Qb8 16.Qg3 Rc8
17.f4 Qb6 18.Rf3 Nf8 19.a3 b4 20.a4 Ng6 21.Qf2 Be7 22.Nd4 Nh4 23.Rh3 Nf5
24.Nc2 Rc7 25.Re1 Rac8 26.Re2 h5 27.Rxh5 Rxc2 28.Rxc2 Rxc2 29.Qxc2 Qxe3+
30.Qf2 Qxb3 31.Qe2 Bc5+ 32.Kf1 Ne3+  0-1

[Event "HUN-chT29899"]
[Site "HUN"]
[Date "1999.??.??"]
[Round "?"]
[White "Somogyi, Istvan"]
[Black "Dovzik, Juri"]
[Result "1/2-1/2"]
[WhiteElo "2225"]
[BlackElo "2375"]

1.d4 d5 2.c4 c6 3.Nf3 Nf6 4.Nc3 a6 5.Qb3 e6 6.g3 b5 7.cxd5 cxd5 8.Bg2 Nc6
9.O-O Be7 10.Bf4 O-O 11.Rfd1 Bb7 12.Ne5 Na5 13.Qc2 Rc8 14.a3 h6 15.b4 Nc6
16.Qd3 Qb6 17.Rac1 Rfd8 18.Nxc6 Rxc6 19.Na2 Rc4 20.Rc3 a5 21.bxa5 Qxa5 22.Rb3 Ra8
23.Bd2 Qa4 24.e3 Bxa3 25.Rdb1 Ne4 26.Rxb5 Ba6 27.Ra5 Rcc8 28.Qxa3 Qxa3 29.Rxa3 Nxd2
30.Rd1 Nc4 31.Rc3 Rab8 32.Rdc1 Rb2 33.R3c2 Rcb8 34.Bf1 Rxc2 35.Rxc2 Rb1 36.Rc1 Rb2
37.Nc3 g5 38.Na4 Rb4 39.Nc5 Bb5 40.Nd3 Rb3 41.Nc5 Rb2 42.Nd3 Rd2 43.Rb1 Nd6
44.Nc5 Bc4 45.Rc1 Ra2 46.h3 Kg7 47.Kg2 h5 48.g4 Kg6 49.Kg1 Bxf1 50.Kxf1 Nc4
51.Kg1 hxg4  1/2-1/2

[Event "HUN-chT9899"]
[Site "HUN"]
[Date "1999.??.??"]
[Round "?"]
[White "Stohl, Igor"]
[Black "Csom, Istvan"]
[Result "1-0"]
[WhiteElo "2540"]
[BlackElo "2475"]

1.d4 Nf6 2.c4 c6 3.Nc3 d5 4.Nf3 a6 5.a4 g6 6.Bf4 Bg7 7.e3 O-O 8.Qb3 Qa5 9.Qa3 Qd8
10.a5 Nbd7 11.h3 Re8 12.Be2 Bf8 13.Qb3 e6 14.O-O Ne4 15.Nxe4 dxe4 16.Ne5 Nxe5
17.Bxe5 Bd6 18.Rfd1 Qc7 19.Bxd6 Qxd6 20.Qb6 Qd8 21.Qc5 Bd7 22.Ra3 Re7 23.Rb3 Be8
24.Rb6 Qc7 25.Qb4 Rd8 26.Qc5 Kg7 27.b4 Red7 28.f4 exf3 29.Bxf3 Re7 30.e4 Red7
31.d5 cxd5 32.exd5 Qf4 33.d6 h5 34.Bxb7 h4 35.Qd4+ Qxd4+ 36.Rxd4 Rb8 37.Bc6 Rdd8
38.Rxb8 Rxb8  1-0

[Event "EU-ch02 blind "]
[Site "Krynica"]
[Date "1999.??.??"]
[Round "7"]
[White "Mikhalev, Alexei"]
[Black "Martinez Garcia, Jose"]
[Result "1/2-1/2"]
[WhiteElo "2260"]
[BlackElo "2190"]

1.d4 d5 2.Nf3 Nf6 3.c4 c6 4.Nc3 a6 5.cxd5 cxd5 6.Bf4 Nc6 7.Rc1 Ne4 8.a3 Nxc3
9.Rxc3 Qb6 10.Qd2 Bf5 11.e3 e6 12.Be2 Be7 13.O-O O-O 14.Rfc1 Rfc8 15.Ne5 Na7
16.Nd7 Qd8 17.Nc5 Bxc5 18.Rxc5 Rxc5 19.Rxc5 Rc8 20.Qc3 Rc6 21.Rxc6 Nxc6 22.Bxa6 Nxd4
23.exd4 bxa6 24.b4 g5 25.Be5 f6 26.Bc7 Qd7 27.h3 Kf7 28.Bb6 h5 29.Bc5 Qa4
30.Qg3 Qc2 31.Qd6 Kg6 32.Qxa6 Bd3 33.Qd6 h4 34.a4 Qxa4 35.Qxe6 Be4 36.Qg8+ Kf5
37.Qc8+ Kg6 38.Qg8+ Kf5 39.Qh7+ Ke6 40.Qe7+ Kf5 41.Qh7+ Ke6 42.Qg8+ Kf5 43.Qc8+ Kg6
44.Qg4 Qa1+ 45.Kh2 Qe1 46.f4 Bf5 47.Qf3 Be4 48.Qg4 Bf5 49.Qf3 Be4  1/2-1/2

[Event "EU-ch02 blind "]
[Site "Krynica"]
[Date "1999.??.??"]
[Round "9"]
[White "Pohlers, Juergen"]
[Black "Martinez Garcia, Jose"]
[Result "0-1"]
[WhiteElo "2130"]
[BlackElo "2190"]

1.d4 d5 2.c4 c6 3.Nf3 Nf6 4.Nc3 a6 5.cxd5 cxd5 6.a4 Nc6 7.h3 Bf5 8.g4 Be4
9.Bg2 e6 10.O-O Be7 11.Be3 h6 12.Nxe4 Nxe4 13.Ne5 Nxe5 14.dxe5 Nc5 15.Rc1 Qa5
16.f4 O-O 17.f5 Rfc8 18.f6 Bf8 19.Rf4 Nd7 20.Rxc8 Rxc8 21.fxg7 Bxg7 22.g5 Nxe5
23.Rh4 hxg5 24.Rh5 f6 25.Qb1 Qxa4 26.Qh7+ Kf7 27.Qb1 Qc2 28.Qf1 Kg6 29.Bf3 Nxf3+
30.Qxf3 Qe4  0-1

[Event "La Coruna op 10th"]
[Site "La Coruna"]
[Date "1999.??.??"]
[Round "8"]
[White "Blasco, Miguel"]
[Black "Perez, Rodney"]
[Result "0-1"]
[WhiteElo "2220"]
[BlackElo "2475"]

1.d4 d5 2.c4 c6 3.Nf3 Nf6 4.Nc3 a6 5.cxd5 cxd5 6.g3 Nc6 7.Bg2 e6 8.O-O Be7
9.Bf4 O-O 10.Rc1 Bd7 11.Ne5 Rc8 12.e3 Qa5 13.g4 Rfd8 14.g5 Ne8 15.Qh5 Nd6
16.Rcd1 Bf8 17.Qg4 Nxe5 18.Bxe5 Nc4 19.Qe2 b5 20.a3 b4 21.axb4 Qxb4 22.Rb1 Qb8
23.Rfc1 a5 24.Ra1 Qxb2 25.Qg4 Nd2 26.Ne2 Rxc1+ 27.Rxc1 a4 28.h4 a3 29.Rc7 a2
30.Rxd7 a1=Q+ 31.Kh2 Qaa3 32.Rc7 Qa5  0-1

[Event "Mendrisio op"]
[Site "Mendrisio"]
[Date "1999.??.??"]
[Round "7"]
[White "Cebalo, Miso"]
[Black "Godena, Michele"]
[Result "1/2-1/2"]
[WhiteElo "2511"]
[BlackElo "2552"]

1.d4 d5 2.Nf3 Nf6 3.c4 c6 4.Nc3 a6 5.a4 e6 6.Bg5 Nbd7 7.cxd5 exd5 8.e3 Qa5
9.Bd3 Ne4 10.O-O Nxg5 11.Nxg5 Nf6 12.e4 dxe4 13.Ngxe4 Nxe4 14.Bxe4 Be6 15.Qc2 Bb4
16.Rad1 Rd8 17.Rfe1 Kf8 18.Qc1 h5 19.h3 Rh6 20.Bb1 h4 21.Re4 Bd6 22.Rde1 Bb8
23.Qe3 Qc7 24.f4 Rf6 25.Ba2 Rxf4 26.Rxe6 fxe6 27.Qxe6 Rf7 28.Qxf7+ Qxf7 29.Bxf7 Kxf7
30.Re4 Ba7 31.Ne2 g5 32.Kf2 Kf6 33.Ke3 c5 34.Kd3 cxd4 35.Nxd4  1/2-1/2

[Event "Mondariz-B"]
[Site "Mondariz"]
[Date "1999.??.??"]
[Round "5"]
[White "Martinez Martin, David"]
[Black "Stefanova, Antoaneta"]
[Result "1-0"]
[WhiteElo "2390"]
[BlackElo "2440"]

1.d4 d5 2.c4 c6 3.Nc3 Nf6 4.Nf3 a6 5.Bg5 Ne4 6.Bf4 Nxc3 7.bxc3 dxc4 8.g3 b5
9.Bg2 Nd7 10.Ng5 h6 11.Ne4 Nb6 12.Nc5 Nd5 13.Bd2 e5 14.e4 Nf6 15.O-O Bg4
16.Qe1 Bxc5 17.dxc5 Qd7 18.f4 Bh3 19.fxe5 Bxg2 20.Kxg2 Ng4 21.Bf4 Qe7 22.e6 Qxe6
23.Bd6 f6 24.Qe2 Ne5 25.a4 Nf7 26.Qh5 O-O-O 27.axb5 axb5 28.e5 Qd5+ 29.Kg1 Nxd6
30.cxd6 Kb7 31.Rfd1 Qc5+ 32.Kg2 Rhf8 33.Qg6 Rd7 34.e6 Qe3 35.exd7 Qe2+ 36.Kh3 h5
37.Re1 Qd2 38.d8=Q Rxd8 39.Qf7+ Kb6 40.Qa7+  1-0

[Event "RUS-ch sf"]
[Site "Novosibirsk"]
[Date "1999.??.??"]
[Round "2"]
[White "Bocharov, Dmitry"]
[Black "Akselrod, Vladislav"]
[Result "0-1"]
[WhiteElo "2345"]
[BlackElo "2405"]

1.d4 d5 2.c4 c6 3.Nc3 Nf6 4.Nf3 a6 5.e3 b5 6.cxd5 cxd5 7.Bd2 e6 8.Ne5 Be7
9.Bd3 O-O 10.O-O Bb7 11.Rc1 Nbd7 12.f4 Ne4 13.Nxe4 dxe4 14.Bb1 Rc8 15.Qe2 Rxc1
16.Rxc1 Nxe5 17.fxe5 f5 18.exf6 Rxf6 19.Be1 Bd5 20.Bh4 Rf8 21.Bg3 Bg5 22.h3 Qf6
23.Kh2 Qh6 24.Re1 Bh4 25.Qg4 Bxg3+ 26.Qxg3 Qf6 27.Rc1 Qf2 28.Rc7 Qxg3+ 29.Kxg3 Rf1
30.Bc2 Rc1 31.Rc5 Re1 32.Kf2 Ra1 33.Bb3 Bxb3 34.axb3 Rb1 35.Rc2 Kf7 36.Kg3 g5
37.Kg4 Kg6 38.Rc6 h5+ 39.Kg3 Kf5 40.Rc5+ Kf6 41.Rc2 h4+ 42.Kg4 Re1 43.Kh5 Rxe3
44.Rf2+ Ke7 45.Kxg5 Rxb3 46.Kxh4 Kd6 47.Kg4 Kd5 48.h4 e3 49.Re2 Ke4 50.h5 Rd3
51.h6 Rd1 52.Kh5 Kd3 53.Rxe3+ Kxe3 54.g4 Kf4  0-1

[Event "CRO-chJ-A"]
[Site "Pula"]
[Date "1999.??.??"]
[Round "?"]
[White "Zufic, Miroslav"]
[Black "Pecnik, Leo"]
[Result "0-1"]
[WhiteElo "2136"]
[BlackElo "2223"]

1.Nf3 Nf6 2.c4 c6 3.Nc3 d5 4.d4 a6 5.cxd5 cxd5 6.Bf4 Nc6 7.e3 Bg4 8.Be2 e6
9.O-O Bd6 10.Bxd6 Qxd6 11.Rc1 Bxf3 12.Bxf3 b5 13.Ne2 O-O 14.Nf4 Nd7 15.Qd2 Rfc8
16.Rc3 Ra7 17.Rfc1 Rac7 18.Be2 Ncb8 19.Nd3 Nb6 20.b3 N8d7 21.R1c2 Rxc3 22.Rxc3 Qf8
23.h3 Nf6 24.Nc5 Ne4 25.Nxe4 dxe4 26.f3 Nd5 27.Rxc8 Qxc8 28.fxe4 Qc3 29.Qd3 Qc1+
30.Kh2 Nb4 31.Qd1 Qxd1 32.Bxd1 Nxa2 33.Kg3 a5 34.Kf4 Nc3 35.Bc2 a4 36.bxa4 bxa4
37.Ke5 a3 38.Bb3 a2 39.Bxa2 Nxa2 40.d5 exd5 41.exd5 Kf8 42.Kd6 Nc3 43.Ke5 Ke7
44.e4 f6+ 45.Kf5 Kd6 46.g4 Nxd5 47.exd5 Kxd5 48.h4 Kd6 49.Kf4 g6 50.Ke4 Ke6
51.Kf4 h5 52.Kg3 f5 53.gxf5+ gxf5  0-1

[Event "Recklinghausen op"]
[Site "Recklinghausen"]
[Date "1999.??.??"]
[Round "3"]
[White "Beckmann, Klaus"]
[Black "Saltaev, Mihail"]
[Result "0-1"]
[WhiteElo "2280"]
[BlackElo "2480"]

1.d4 Nf6 2.Nf3 d5 3.c4 c6 4.Nc3 a6 5.e3 b5 6.b3 Bf5 7.Ne5 e6 8.Bd3 Bb4 9.Bb2 Qa5
10.Qc2 Ne4 11.Bxe4 Bxe4 12.Qd2 Bg6 13.c5 Qd8 14.a4 f6 15.Nxg6 hxg6 16.axb5 cxb5
17.Qd3 Kf7 18.O-O Nc6 19.e4 Bxc3 20.Bxc3 dxe4 21.Qxe4 Qd5 22.Qxd5 exd5 23.f3 b4
24.Bb2 Rhe8 25.Kf2 a5 26.Rfe1 Re7 27.Rxe7+ Kxe7 28.Ke3 Kd7 29.Kd3 Re8 30.g4 Rh8
31.Rh1 Rh3 32.Ke3 Nd8 33.Bc1 Ne6 34.Bd2 Ng5 35.Rf1 Rxh2 36.Kd3 Ne6 37.Ra1 Nxd4
38.Kxd4 Rxd2+ 39.Ke3 Rb2 40.Rxa5 Kc6 41.Kd4 Rd2+ 42.Ke3 Rd1 43.Ra8 Kxc5 44.Rc8+ Kd6
45.Rb8 g5 46.Rxb4 Ke5 47.Rb7 d4+ 48.Ke2 Rb1 49.b4 Kf4 50.Rxg7 Rxb4 51.Rf7 Rb6  0-1

[Event "Sportland-NRW-Cup"]
[Site "Senden"]
[Date "1999.??.??"]
[Round "7"]
[White "Richter, Michael"]
[Black "Jugelt, Tobias"]
[Result "1-0"]
[WhiteElo "2410"]
[BlackElo "2400"]

1.d4 d5 2.c4 c6 3.Nc3 Nf6 4.Nf3 a6 5.a4 g6 6.Bf4 Bg7 7.e3 O-O 8.h3 Qa5 9.Qd2 dxc4
10.Bxc4 b5 11.Bd3 c5 12.O-O cxd4 13.exd4 b4 14.Ne4 Bb7 15.Rfe1 Nxe4 16.Bxe4 Bxe4
17.Rxe4 Nc6 18.Rc1 Qd5 19.Re2 Rfd8 20.Rc5 Qxc5 21.dxc5 Rxd2 22.Rxd2 Rd8 23.Rxd8+ Nxd8
24.Be5 f6 25.Nd4 fxe5 26.c6 Nf7 27.Nb5 axb5 28.axb5 e4 29.c7 Nd6 30.b6  1-0

[Event "Villa de Sitges 35th"]
[Site "Sitges"]
[Date "1999.??.??"]
[Round "6"]
[White "Skembris, Spyridon"]
[Black "Bukal, Vladimir Jr"]
[Result "1-0"]
[WhiteElo "2475"]
[BlackElo "2390"]

1.d4 d5 2.c4 c6 3.Nf3 Nf6 4.Nc3 a6 5.e3 b5 6.b3 g6 7.Bd3 Bg7 8.O-O Bf5 9.Bxf5 gxf5
10.Qd3 Ne4 11.cxd5 cxd5 12.a4 b4 13.Ne2 O-O 14.Bd2 Nc6 15.Rac1 Qd6 16.Rc2 Ng5
17.Rfc1 Rfb8 18.Be1 e6 19.Ne5  1-0

[Event "SVK-chT 9899"]
[Site "SVK"]
[Date "1999.??.??"]
[Round "6"]
[White "Turna, Dusan"]
[Black "Dovzik, Juri"]
[Result "0-1"]
[WhiteElo "2190"]
[BlackElo "2410"]

1.d4 d5 2.c4 c6 3.Nc3 Nf6 4.Nf3 a6 5.cxd5 cxd5 6.Bf4 Nc6 7.e3 Bg4 8.Be2 e6
9.h3 Bxf3 10.Bxf3 Bd6 11.Bxd6 Qxd6 12.O-O O-O 13.Rc1 Rfc8 14.Be2 Na5 15.Na4 Nd7
16.Qe1 Nc4 17.b3 Ncb6 18.Nxb6 Nxb6 19.Qa5 g6 20.Rc5 Nd7 21.Rc3 Rc6 22.Rfc1 Rac8
23.g3 Kg7 24.Kg2 Rxc3 25.Rxc3 b6  0-1

[Event "SWE-chT 9899"]
[Site "Sweden"]
[Date "1999.??.??"]
[Round "8"]
[White "Hellsten, Johan"]
[Black "Andersson, Mats"]
[Result "1-0"]
[WhiteElo "2575"]
[BlackElo "2366"]

1.d4 d5 2.Nf3 Nf6 3.c4 c6 4.Nc3 a6 5.h3 dxc4 6.a4 e6 7.e4 Bb4 8.Qc2 b5 9.Be2 Nbd7
10.O-O Bb7 11.e5 Nd5 12.Ne4 f5 13.exf6 gxf6 14.b3 cxb3 15.Qxb3 Qe7 16.Ne5 O-O
17.Nxd7 Qxd7 18.Bh6 Qe7 19.Bxf8 Rxf8 20.Rfc1 Kh8 21.Nc5 Bxc5 22.dxc5 Bc8
23.Bf3 Rg8 24.axb5 axb5 25.Ra8 Nf4 26.Kh1 Nd5 27.Qb2 Rf8 28.Bxd5 exd5 29.Rca1 Rg8
30.R1a7 Bd7 31.Qc3 Qe6 32.Rxg8+ Kxg8 33.Qg3+ Kf7 34.Ra8 Qe1+ 35.Kh2 Qe5 36.f4 Qc7
37.Qg8+ Ke7 38.Qxh7+ Ke6 39.Re8+  1-0

[Event "SWZ-chT"]
[Site "SWZ"]
[Date "1999.??.??"]
[Round "4"]
[White "Liardet, Fabrice"]
[Black "Maeser, Fabian"]
[Result "1/2-1/2"]
[WhiteElo "2308"]
[BlackElo "2285"]

1.d4 d5 2.c4 c6 3.Nc3 Nf6 4.Nf3 a6 5.Bg5 b5 6.cxd5 cxd5 7.Qb3 e6 8.Rc1 Be7
9.e3 O-O 10.Bd3 Nbd7 11.O-O Bb7 12.Bxf6 Nxf6 13.Ne5 Nd7 14.f4 Rc8 15.a3 Nb6
16.Rf3 Nc4 17.Qc2 f5 18.g4 g6 19.gxf5 gxf5 20.Kh1 Kh8 21.Rg1 Nxe5 22.fxe5 Rg8
23.Rfg3 Rxg3 24.Rxg3 Bh4 25.Rg1 Qe7 26.Qg2 Qf7 27.Ne2 Rg8 28.Qxg8+ Qxg8 29.Rxg8+ Kxg8
30.Nf4 Kf7 31.Kg2 Bc6 32.Kf1 a5 33.Ke2 Be7 34.Kd2 b4 35.axb4 Bxb4+ 36.Ke2 Ba4
37.Ba6 Bd7 38.Nd3 Bf8 39.Nc5 Ke7 40.Nb3 a4 41.Nc5 Kd8 42.Kd3 Kc7 43.Nxd7 a3
44.bxa3 Kxd7 45.a4 Bb4 46.Ke2 Ke7 47.Bc8 Kf7 48.Kf3 Be1 49.Ba6 Ke7 50.Bd3 Ba5
51.Kf4 Bd2 52.Bc2 Kf8 53.h3 Ke7 54.Bd3 Kf8 55.h4 Ke7 56.h5 Kf8 57.Bb1 Ke7
58.Bc2 Kf8 59.Bd3 Ke7 60.Bc2 Kf8 61.h6 Ke7 62.Bd1 Ba5 63.Bh5 Kf8 64.Be2 Kf7
65.Bb5 Bb4 66.Bc6 Bd2 67.Bxd5 exd5 68.Kxf5 Bxe3 69.e6+ Ke7 70.Ke5 Bd2 71.Kxd5 Ba5
72.Ke5 Bc3 73.Kd5 Ba5 74.Ke5 Bc3 75.Kd5  1/2-1/2

[Event "SWZ-chT"]
[Site "SWZ"]
[Date "1999.??.??"]
[Round "8"]
[White "Sutter, Oliver"]
[Black "Maeser, Fabian"]
[Result "1/2-1/2"]
[WhiteElo "2312"]
[BlackElo "2285"]

1.d4 d5 2.Nf3 Nf6 3.c4 c6 4.Nc3 a6 5.c5 Nbd7 6.Bf4 Nh5 7.e3 Nxf4 8.exf4 g6
9.Bd3 Bg7 10.O-O O-O 11.b4 a5 12.a3 b5 13.Qb3 Qc7 14.Ne5 e6 15.a4 axb4 16.Qxb4 bxa4
17.Rxa4 Rxa4 18.Qxa4 Nxe5 19.fxe5 f6 20.f4 fxe5 21.fxe5 Rxf1+ 22.Kxf1 Qb7
23.Qa5 Bh6 24.Na4 Bg5 25.Ke2 Qb3 26.g3 Qa2+ 27.Kf3 Qxh2 28.Qa8  1/2-1/2

[Event "RUS-Cup"]
[Site "Tula "]
[Date "1999.??.??"]
[Round "5"]
[White "Evseev, Denis"]
[Black "Burmakin, Vladimir"]
[Result "1-0"]
[WhiteElo "2503"]
[BlackElo "2534"]

1.d4 d5 2.c4 c6 3.Nf3 Nf6 4.Nc3 a6 5.Ne5 Nbd7 6.Bf4 dxc4 7.Nxc4 b5 8.Ne5 Bb7
9.e3 e6 10.Be2 Nxe5 11.Bxe5 Nd7 12.Bg3 c5 13.O-O cxd4 14.Qxd4 Qb6 15.Qxb6 Nxb6
16.a4 b4 17.a5 Nd7 18.Na4 Nc5 19.Bd1 Rc8 20.Rc1 Be7 21.Nxc5 Rxc5 22.Ba4+ Kd8
23.Rxc5  1-0

[Event "Zaragoza op 11th"]
[Site "Zaragoza"]
[Date "1999.??.??"]
[Round "3"]
[White "Kolev, Atanas"]
[Black "Hernandez Estevez, Yudania"]
[Result "1-0"]
[WhiteElo "2540"]
[BlackElo "2255"]

1.d4 d5 2.c4 c6 3.Nf3 Nf6 4.Nc3 a6 5.a4 e6 6.e3 Nbd7 7.Bd3 Bb4 8.O-O O-O
9.Qc2 dxc4 10.Bxc4 c5 11.Na2 b6 12.Nxb4 cxb4 13.Bd3 Bb7 14.e4 h6 15.Bf4 Rc8
16.Qe2 Qe7 17.Rfe1 a5 18.h3 Rfd8 19.Rad1 Bc6 20.Bc2 b3 21.Bd3 Bxa4 22.Qd2 Qf8
23.Bg3 Bc6 24.Bh4 Re8 25.Bb1 Bb5 26.Re3 a4 27.Kh1 Kh8 28.Rde1 Nh5 29.g4 Nf4
30.Bg3 Ng6 31.h4 Nf6 32.h5 Ne7 33.Ne5 Nc6 34.Rg1 Red8 35.Nxc6 Bxc6 36.g5 Nxh5
37.Be5 Kh7 38.Rh3 f6 39.gxf6 Nxf6 40.Qf4 Rd7 41.d5 Bb7 42.dxe6 Re7 43.Rxh6+  1-0

[Event "Zaragoza op 11th"]
[Site "Zaragoza"]
[Date "1999.??.??"]
[Round "5"]
[White "Sanz Arilla, Luis"]
[Black "Hernandez Estevez, Yudania"]
[Result "1/2-1/2"]
[WhiteElo "2055"]
[BlackElo "2255"]

1.d4 d5 2.c4 c6 3.Nc3 Nf6 4.Nf3 a6 5.cxd5 cxd5 6.Bf4 Nc6 7.e3 e6 8.Bd3 Be7
9.Rc1 O-O 10.O-O Nh5 11.Bg3 Nxg3 12.hxg3 Bd6 13.Qe2 f5 14.Nd2 Qg5 15.Qe1 Nb4
16.Bb1 Bd7 17.a3 Nc6 18.f4 Qe7 19.Qe2 Be8 20.Kf2 Rc8 21.Rh1 Rc7 22.Nf3 Qf6
23.Ng5 Bg6 24.g4 h6 25.gxf5 Nxd4 26.exd4 Qxd4+ 27.Qe3 Qxe3+ 28.Kxe3 hxg5
29.fxg6 Bxf4+ 30.Ke2 Bxc1 31.Rxc1 Rc4 32.Ba2 Rd4 33.Ke3 Rg4 34.Nxd5 Rg3+
35.Ke4 Rg4+ 36.Ke3 Rg3+ 37.Ke4 Rg4+  1/2-1/2

[Event "Hilton Open"]
[Site "Basel SUI"]
[Date "2000.01.02"]
[Round "3"]
[White "Tukmakov,V"]
[Black "Velicka,P"]
[Result "0-1"]
[WhiteElo "2574"]
[BlackElo "2458"]

1.d4 d5 2.c4 c6 3.Nf3 Nf6 4.Nc3 a6 5.Bg5 Ne4 6.h4 Nxc3 7.bxc3 dxc4 8.g3 b5
9.Bg2 Bb7 10.a4 Nd7 11.O-O h6 12.Bf4 e6 13.Qd2 Be7 14.Rfb1 O-O 15.e4 Re8
16.e5 c5 17.Bxh6 gxh6 18.Qxh6 cxd4 19.axb5 axb5 20.Rxa8 Bxa8 21.Nxd4 Bxg2
22.Kxg2 Qa8+ 23.Kg1 Nxe5 24.Qf4 Nd3 25.Qg4+ Kf8 26.Qh5 Bf6 27.Rxb5 Qe4 28.Nf3 Ne1
29.Nxe1 Qxe1+ 30.Kg2 Qe4+ 31.Kh2 Rc8 32.Qh6+ Bg7 33.Qd2 Qd3 34.Qf4 Bxc3 35.h5 Qd4
36.Qh6+ Qg7 37.Qf4 Qf6 38.Qd6+ Kg7 39.f4 e5 40.Qd7 Qe6  0-1

[Event "Hilton Open"]
[Site "Basel SUI"]
[Date "2000.01.02"]
[Round "4"]
[White "Farago,I"]
[Black "Velicka,P"]
[Result "1/2-1/2"]
[WhiteElo "2467"]
[BlackElo "2458"]

1.d4 d5 2.c4 c6 3.Nf3 Nf6 4.Nc3 a6 5.e3 b5 6.b3 Bg4 7.Be2 e6 8.O-O Nbd7 9.Bb2 Rc8
10.Ne5 Bf5 11.f4 Nxe5 12.dxe5 Ne4 13.cxd5 Nxc3 14.Bxc3 cxd5 15.Bd4 Ba3 16.Bd3 Bxd3
17.Qxd3 g6 18.b4 Bxb4 19.a4 bxa4 20.Qxa6 O-O 21.Rxa4  1/2-1/2

[Event "It IM"]
[Site "Lohmar GER"]
[Date "2000.01.03"]
[Round "8"]
[White "Kaposztas,M"]
[Black "Abolianin,A"]
[Result "1/2-1/2"]
[WhiteElo "2316"]
[BlackElo "2252"]

1.d4 d5 2.Nf3 c6 3.c4 Nf6 4.Nc3 a6 5.cxd5 cxd5 6.Bf4 Nc6 7.e3 Bg4 8.Be2 e6
9.O-O Be7 10.h3 Bh5 11.Ne5 Bxe2 12.Qxe2 Rc8 13.Rac1 O-O 14.Rfd1  1/2-1/2

[Event "Hilton Open"]
[Site "Basel SUI"]
[Date "2000.01.04"]
[Round "6"]
[White "Cvitan,O"]
[Black "Velicka,P"]
[Result "1/2-1/2"]
[WhiteElo "2489"]
[BlackElo "2458"]

1.d4 d5 2.Nf3 Nf6 3.c4 c6 4.Nc3 a6 5.cxd5 cxd5 6.Bf4 Nc6 7.Rc1 Bf5 8.e3 Rc8
9.Be2 e6 10.O-O Bd6 11.Bxd6 Qxd6 12.Na4 O-O 13.Nc5 Rc7 14.a3 Nd7 15.b4 Bg4
16.h3 Bxf3 17.Bxf3 Nf6 18.Be2 Nb8 19.Qb3 Qb6 20.Rc2 Rfc8 21.Rfc1 h6 22.Bd3 Ne8
23.a4 Qa7 24.a5 Nc6 25.Na4 Nd6 26.Nb6 Rd8 27.Rc5 Nc8 28.Na4 Nd6 29.Qb1 Re7
30.Qb2 Rc7 31.h4 Re7 32.h5 Rc7 33.Nb6 Nc8 34.Na4 Nd6 35.Qc3 f5 36.Qb2 Re8
37.g3 Ree7 38.Nb6 Ne4 39.R5c2 Nf6 40.Be2 Qb8 41.Bxa6 Nxa5 42.Be2 Nc6 43.b5 Nd8
44.Rxc7 Rxc7 45.Ra1 Rf7 46.Qc1 Qd6 47.Qc5 Ne4 48.Qxd6 Nxd6 49.Ra8 Rf8 50.Ra2 Rf7
51.Bd3 Kf8 52.Ra8 Ke8 53.g4 Ke7 54.gxf5 Nxf5 55.Na4 Nd6 56.Nc3 Rf8 57.Ne2 N8f7
58.Ra7 Rc8 59.Nf4 Kf6 60.Ra1 Rc3 61.Ra8 Rc8 62.Ra1 Rc3  1/2-1/2

[Event "Israeli League"]
[Site "Ramat Aviv ISR"]
[Date "2000.01.21"]
[Round "2"]
[White "Greenfeld,A"]
[Black "Bykhovsky,Av"]
[Result "1-0"]
[WhiteElo "2563"]
[BlackElo "2467"]

1.d4 d5 2.c4 c6 3.Nf3 Nf6 4.Nc3 a6 5.Bg5 Ne4 6.Bf4 Nxc3 7.bxc3 dxc4 8.g3 b5
9.Bg2 Bb7 10.Ne5 e6 11.a4 Qc8 12.e4 Be7 13.Qg4 Bf6 14.O-O O-O 15.Nf3 Re8
16.Bh6 e5 17.Qxc8 Bxc8 18.dxe5 Bxe5 19.Nxe5 gxh6 20.f4 f6 21.Nf3 Ra7 22.e5 Rf7
23.exf6 Rxf6 24.Ne5 Rd8 25.Ra2 Rdd6 26.Re2 Bf5 27.Rfe1 Nd7 28.Re3 h5 29.Bf3 Bg6
30.Bxc6 Nxe5 31.fxe5 Rxc6 32.exf6 Rxf6 33.Re6 Rf3 34.axb5 axb5 35.R1e3 Rf8
36.Rb6 Bd3 37.Rxb5 Rf1+ 38.Kg2 Rc1 39.Re7 Rc2+ 40.Kf3 Kf8 41.Rc7  1-0

[Event "Perenyi Mem"]
[Site "Gyula HUN"]
[Date "2000.01.26"]
[Round "3"]
[White "Ruck,R"]
[Black "Volzhin,A"]
[Result "0-1"]
[WhiteElo "2472"]
[BlackElo "2548"]

1.Nf3 Nf6 2.c4 c6 3.d4 d5 4.Nc3 a6 5.Ne5 Nbd7 6.Nxd7 Bxd7 7.Qb3 e6 8.Bf4 dxc4
9.Qxb7 Nd5 10.Bg3 Bb4 11.e4 Bxc3+ 12.bxc3 Nxc3 13.f3 Nb5 14.Bxc4 Qa5+ 15.Kf1 O-O
16.Ke2 Ra7 17.Be1 Qxe1+  0-1

[Event "Corus Reserve Group"]
[Site "Wijk aan Zee NED"]
[Date "2000.01.29"]
[Round "9"]
[White "Andonovski,L"]
[Black "Strating,S"]
[Result "1-0"]
[WhiteElo "2287"]
[BlackElo "2334"]

1.d4 d5 2.c4 c6 3.Nf3 Nf6 4.Nc3 a6 5.a4 Bf5 6.Qb3 Ra7 7.Bf4 e6 8.e3 a5 9.Be2 h6
10.O-O Be7 11.Ne5 Nbd7 12.h3 O-O 13.Rad1 Nxe5 14.Bxe5 Bd6 15.cxd5 exd5 16.Bxd6 Qxd6
17.Bd3 Bxd3 18.Rxd3 Raa8 19.Rc1 Rfe8 20.Ne2 Qc7 21.Nf4 Rad8 22.Rdc3 Rd6 23.Rc5 Re7
24.Qd1 Re8 25.Qe1 g5 26.Nd3 Ne4 27.R5c2 Rg6 28.Ne5 Rg7 29.Qd1 Kh7 30.Qh5 Re6
31.Qg4 Nd6 32.b3 Qe7 33.Qd1 f6 34.Nd3 Qf7 35.Rc5 Ne4 36.Rxa5 h5 37.Qc2 Kh6
38.Ra8 Rh7 39.a5 Qd7 40.f3 Nd6 41.Nc5 Qe7 42.Nxe6 Qxe6 43.Qd3 Nf5 44.a6 bxa6
45.Rxa6 Rc7 46.b4 g4 47.e4 Nh4 48.fxg4 hxg4 49.Qg3 Kg5 50.Qxc7 Qxe4 51.Qg7+ Ng6
52.h4+  1-0

[Event "ch-ESA tt"]
[Site "San Salvador ESA"]
[Date "2000.01.??"]
[Round "?"]
[White "Murillo,A"]
[Black "Guevara Sanchez,E"]
[Result "1-0"]
[WhiteElo "2393"]
[BlackElo "2185"]

1.d4 d5 2.c4 c6 3.Nf3 Nf6 4.Nc3 a6 5.cxd5 cxd5 6.g3 e6 7.Bg2 Be7 8.O-O b5
9.Ne5 Bb7 10.f4 Nbd7 11.Kh1 O-O 12.Be3 Rc8 13.Bg1 Ne4 14.Qd3 Nxc3 15.bxc3 Nb6
16.f5 exf5 17.Rxf5 Na4 18.Raf1 Rxc3 19.Qb1 Rc7 20.Rxf7 Nc3 21.Qf5 Bc8 22.Qh5 Be6
23.Bh3 Qc8 24.Bxe6 Qxe6 25.a3 Ne4 26.R7f3 Bd6 27.Qh4 Bxa3 28.Rxf8+ Bxf8 29.Rxf8+ Kxf8
30.Qd8+ Qe8 31.Qxc7 b4 32.Be3 b3 33.Bc1 h6 34.Qb7 Qh5 35.Qc8+ Ke7 36.Ba3+ Kf6
37.Qc6+  1-0

[Event "FSIMA January"]
[Site "Budapest HUN"]
[Date "2000.02.06"]
[Round "2"]
[White "Yu Mingyuan"]
[Black "Sinkovics,P"]
[Result "1-0"]
[WhiteElo "2419"]
[BlackElo "2331"]

1.d4 d5 2.Nf3 Nf6 3.c4 c6 4.Nc3 a6 5.e3 Bg4 6.Qb3 b5 7.cxd5 Bxf3 8.gxf3 cxd5
9.a4 b4 10.Qxb4 Nc6 11.Qb3 e6 12.Rg1 Rb8 13.Qd1 Qa5 14.Be2 g6 15.Kf1 Bg7
16.Na2 O-O 17.Bd2 Qb6 18.b4 Rfc8 19.Kg2 a5 20.b5 Nd8 21.Qb3 Ne8 22.Rac1 Nd6
23.Rxc8 Rxc8 24.Rc1 Rxc1 25.Nxc1 N8b7 26.Qc3 Bf6 27.Nb3 Bd8 28.Qc6 Qc7 29.Bc1 Nc4
30.Bxc4 dxc4 31.Qxc7 Bxc7 32.Nd2 c3 33.Nb1 Nd6 34.Nxc3 Nc4 35.Kf1 Bd6 36.Ke2 Nb6
37.Bd2 Bb4 38.Kd3 Kf8 39.Nb1  1-0

[Event "Petroff Mem Open"]
[Site "St Petersburg RUS"]
[Date "2000.02.07"]
[Round "1"]
[White "Ustinov,M"]
[Black "Tolstikh,N"]
[Result "1/2-1/2"]
[WhiteElo "2154"]
[BlackElo "2419"]

1.d4 d5 2.c4 c6 3.Nf3 Nf6 4.Nc3 a6 5.cxd5 cxd5 6.Bf4 Nc6 7.e3 Bg4 8.Be2 e6
9.O-O Bxf3 10.Bxf3 Bd6 11.Bxd6 Qxd6 12.Na4 O-O 13.Qe2 Rac8 14.Rac1 Nd7 15.Rc3 Na5
16.Rfc1 Rxc3 17.Rxc3 Nc4 18.b3 Na3 19.Qb2 b5 20.Nc5 b4 21.Rc1 Rc8 22.Nxd7 Qxd7
23.Be2 a5 24.Kf1 Rc7 25.Ke1 g6 26.g3 h5 27.h4 Qc8 28.Kd2 Rxc1 29.Qxc1 Qc3+
30.Kd1  1/2-1/2

[Event "Petroff Mem Open"]
[Site "St Petersburg RUS"]
[Date "2000.02.07"]
[Round "1"]
[White "Ulko,J"]
[Black "Akimov,I"]
[Result "1/2-1/2"]
[WhiteElo "2459"]
[BlackElo "2272"]

1.d4 d5 2.c4 c6 3.Nf3 Nf6 4.Nc3 a6 5.c5 Bf5 6.Qb3 Qc8 7.g3 Nbd7 8.Nh4 Bg4
9.f3 Bh5 10.g4 Bg6 11.g5 Ng8 12.Bh3 e6 13.e4 Ne7 14.Be3 Bh5 15.Rf1 h6 16.gxh6 g6
17.Ng2 Bxh6 18.Nf4 Nf6 19.Qc2 g5 20.Nxh5 Nxh5 21.Rg1 Nf4 22.Bf1 Neg6 23.Qf2 Qc7
24.O-O-O O-O-O 25.Kb1 f6 26.Rc1 Bg7 27.Na4 Rh5 28.Nb6+ Kb8 29.Rc3 Nh3 30.Bxh3 Rxh3
31.Rg2 Rdh8 32.Rc2 Nf4 33.Rg1 Ng6 34.Rg2 Nf4  1/2-1/2